Highest-Grossing Animated Films - Statistics

General Stats
  • This quiz has been taken 1,184 times
    439 since last reset
  • The average score is 25 of 50
Answer Stats
Worldwide Gross Year Rank Movie % Correct
$1,657,713,459 2019 1 The Lion King
92%
$968,483,777 1994 12 The Lion King
92%
$1,290,000,000 2013 3 Frozen
88%
$1,066,969,703 2010 7 Toy Story 3
81%
$1,450,026,933 2019 2 Frozen II
79%
$1,073,394,593 2019 6 Toy Story 4
78%
$631,442,092 2004 32 The Incredibles
71%
$857,611,174 2015 18 Inside Out
70%
$949,727,261 2003 13 Finding Nemo
68%
$928,760,770 2004 14 Shrek 2
67%
$735,099,082 2009 25 Up
67%
$813,367,380 2007 19 Shrek the Third
65%
$1,028,570,889 2016 9 Finding Dory
64%
$559,852,396 2011 39 Cars 2
60%
$752,600,867 2010 21 Shrek Forever After
60%
$807,817,888 2017 20 Coco
59%
$643,000,000 2016 29 Moana
59%
$521,300,000 2008 49 WALL-E
59%
$1,159,398,397 2015 5 Minions
57%
$543,113,985 2010 41 Despicable Me
56%
$1,242,805,359 2018 4 Incredibles 2
56%
$592,461,732 2010 36 Tangled
56%
$1,023,784,195 2016 10 Zootopia
54%
$577,000,000 2001 38 Monsters, Inc.
53%
$538,983,207 2012 43 Brave
52%
$970,766,005 2013 11 Despicable Me 2
52%
$1,034,799,409 2017 8 Despicable Me 3
49%
$623,726,085 2007 33 Ratatouille
49%
$743,559,607 2013 23 Monsters University
45%
$631,744,560 2008 31 Kung Fu Panda
43%
$621,537,519 2014 34 How to Train Your Dragon 2
41%
$665,692,281 2011 26 Kung Fu Panda 2
41%
$542,063,846 2005 42 Madagascar
39%
$657,827,828 2014 28 Big Hero 6
38%
$521,170,825 2016 50 Kung Fu Panda 3
38%
$877,244,782 2012 16 Ice Age: Continental Drift
36%
$886,686,817 2009 15 Ice Age: Dawn of the Dinosaurs
36%
$746,921,274 2012 22 Madagascar 3: Europe's Most Wanted
35%
$603,900,354 2008 35 Madagascar: Escape 2 Africa
35%
$660,988,756 2006 27 Ice Age: The Meltdown
34%
$554,987,477 2011 40 Puss in Boots
31%
$529,323,962 2018 45 Ralph Breaks the Internet
29%
$875,457,937 2016 17 The Secret Life of Pets
28%
$634,151,679 2016 30 Sing
25%
$527,965,936 2017 47 The Boss Baby
18%
$587,204,668 2013 37 The Croods
16%
$536,414,270 2007 44 The Simpsons Movie
14%
$742,514,069 2019 24 Ne Zha
9%
$521,799,505 2019 48 How to Train Your Dragon: The Hidden World
7%
$528,583,774 2018 46 Hotel Transylvania 3: Summer Vacation
3%
No matching quizzes found
Score Distribution
Percent of People with Each Score
Percentile by Number Answered
Your Score History
You have not taken this quiz since the last reset